| 000 | 01256nam0a2200337 4500 | ||
|---|---|---|---|
| 001 | RU\NLR\bibl\1394676 | ||
| 005 | 20250615202132.0 | ||
| 010 | _a5-93588-035-0 | ||
| 021 |
_aRU _b2009-40704 _92475 |
||
| 035 | _a(NLR Aleph) 001386703 | ||
| 090 |
_a1136151 _c1136151 |
||
| 100 | _a20090723d2003 |||y0rusy50 ca | ||
| 101 | 0 | _arus | |
| 102 | _aRU | ||
| 105 | _ay ||||||||| | ||
| 200 | 1 |
_aСпециальные трубы _eпрофильные трубы, чугунные трубы |
|
| 210 |
_aМосква _cТорговый Дом Металлов _d2003 |
||
| 215 |
_a208 с. _cил. _d21 |
||
| 225 | 1 |
_aСправочник снабженца _v42 |
|
| 517 | 0 | _aПрофильные трубы | |
| 517 | 0 | _aЧугунные трубы | |
| 606 | 1 |
_aТрубы профильные _jСправочники _92262544 _3RU\NLR\auth\661356505 |
|
| 606 | 1 |
_aЧугунные трубы _jСправочники _91297424 _3RU\NLR\auth\66219474 |
|
| 606 | 1 |
_aМатериально-техническое снабжение _jСправочники _9901554 _3RU\NLR\auth\667783 |
|
| 686 | _aК748.1я22 | ||
| 686 | _aУ40(2)я2 | ||
| 801 | 0 |
_aRU _bNLR _c20090723 _gRCR |
|
| 801 | 1 |
_aRU _bNLR _c20090723 |
|
| 942 | _cBOOK | ||
| 980 | _aNB | ||